Los hijos del diablo

Novela de ciencia ficción que retrata la historia de una niña llamada Nicola que se ve separada de su familia cuando el Cambio, un extraño síndrome que hace que las personas sufran odio irracional hacia la tecnología. Bajo esta situación, Nicola se unirá a un grupo de sikh para intentar sobrevivir e...

Mô tả đầy đủ

Đã lưu trong:
Chi tiết về thư mục
Tác giả chính: Dickinson, Peter
Định dạng: Sách
Ngôn ngữ:Undetermined
Được phát hành: Madrid, España Altea, Taurus,Alfaguara 1987
Những chủ đề:
Các nhãn: Thêm thẻ
Không có thẻ, Là người đầu tiên thẻ bản ghi này!

MARC

LEADER 00000nam a2200000Ia 4500
008 170316s9999 xx 000 0 und d
040 |a cru BVZT 
090 |a 820 D-7h 
100 |a Dickinson, Peter 
245 |a Los hijos del diablo 
260 |a Madrid, España 
260 |b Altea, Taurus,Alfaguara 
260 |c 1987 
300 |a 168 páginas 
520 |a Novela de ciencia ficción que retrata la historia de una niña llamada Nicola que se ve separada de su familia cuando el Cambio, un extraño síndrome que hace que las personas sufran odio irracional hacia la tecnología. Bajo esta situación, Nicola se unirá a un grupo de sikh para intentar sobrevivir en ese mundo post-apocalíptico. Dicho libro está en español y es la primera parte de una trilogía. 
650 |a LITERATURA INGLESA  |9 12 
999 |c 6871  |d 6871 
942 |c 15 D  |h 820 D-7h  |2 z